000 00605nam a2200157 a 4500
008 120416s1999 ||||||||||||||||| || u
020 _a0852967632
050 _aQC 665.E4 Roz
100 _aRozzi, Tullio
245 1 0 _aAdvanced electromagnetic analysis of positive and active planar structures
260 _aLondon
_bThe Institute of Electrical Engineers
_c1999
350 _a0.00
650 _aELECTRICITY
650 _aELECTROMAGNETIC WAVES
995 _D0.00
_FCBU-MAIN LIBRARY (Kitwe)
_H1
_I25.00
_M1
_UAVAILABLE
_ZMain Library Open Access Collection
999 _c33545
_d33545